000 00660cam a22002172 4500
001 0000011848
005 20151217161142.0
008 090113s xx 000 0 eng d
020 _a9280639162 :
040 _aKABU
_cKABU
245 1 4 _aThe State of the world's children 2006. :
_bexcluded and invinsible.
250 _a1st ed.
260 _aNew York :
_bUNICEF,
_c2005.
300 _avii, 149 p.
650 0 _aChildren
_xStatistics.
_@0000167887
650 0 _aChildren
_xDeveloping countries.
_@0000169845
710 2 _aUNICEF.
_@0000128147
852 1 _9p500 KES
908 _a090113
950 _@1
999 _c15098
_d15098